Southville International School and Colleges
Your cart is empty.
  • Cart
  • Lists
    Public lists Eva Luna New books Lux_list list_1
    Your lists Log in to create your own lists
  • Log in to your account
  • Your cookies
  • Search history
Southville International School and Colleges
  • Advanced search
  • Recent comments
  • Most popular
  • Libraries

Log in to your account

Log in with GOOGLE


If you do not have an external account, but do have a local account, you can still log in:

  1. Home
  2. MARC view: Voyages in English 4 /
Normal view MARC view ISBD view

Voyages in English 4 / (Record no. 284585)

[ view plain ]
MARC details
000 -LEADER
fixed length control field 00636nam a22002177a 4500
003 - CONTROL NUMBER IDENTIFIER
control field OSt
005 - DATE AND TIME OF LATEST TRANSACTION
control field 20150603112439.0
008 - FIXED-LENGTH DATA ELEMENTS--GENERAL INFORMATION
fixed length control field 130731t xxu||||| |||| 00| 0 eng d
020 ## - INTERNATIONAL STANDARD BOOK NUMBER
International Standard Book Number 9789715696029
050 ## - LIBRARY OF CONGRESS CALL NUMBER
Classification number PE 1408
Item number .C187 1962
082 ## - DEWEY DECIMAL CLASSIFICATION NUMBER
Classification number TR 415
Item number B79-4 2008
100 ## - MAIN ENTRY--PERSONAL NAME
Personal name Campbell, Paul E.
9 (RLIN) 6847
245 ## - TITLE STATEMENT
Title Voyages in English 4 /
Statement of responsibility, etc Paul E. Campbell, Mary Donatus Macnickle.
260 ## - PUBLICATION, DISTRIBUTION, ETC. (IMPRINT)
Place of publication, distribution, etc Philippines :
Name of publisher, distributor, etc Bookmark,
Date of publication, distribution, etc 2008.
300 ## - PHYSICAL DESCRIPTION
Extent 242 pages :
Other physical details illustrations ;
Dimensions 19 cm.
500 ## - GENERAL NOTE
General note Includes index.
562 ## - COPY AND VERSION IDENTIFICATION NOTE
Number of copies 1
650 ## - SUBJECT ADDED ENTRY--TOPICAL TERM
Topical term or geographic name as entry element English grammar
General subdivision workbook.
9 (RLIN) 6849
942 ## - ADDED ENTRY ELEMENTS (KOHA)
Source of classification or shelving scheme Library of Congress Classification
Koha item type Books
Call number prefix Foreign
Holdings
Withdrawn status Lost status Source of classification or shelving scheme Damaged status Home library Current library Shelving location Date acquired Source of acquisition Total Checkouts Full call number Barcode Date last seen Price effective from Koha item type
    Library of Congress Classification   Archives Archives   06/03/2015 Donation   PE 1408 .C187 1962 C19518 05/15/2018 06/03/2015 Books

Voyages in English 4 /

APA

Campbell P. E., . (2008). Voyages in English 4. Philippines: Bookmark.

Chicago

Campbell Paul E, . 2008. Voyages in English 4. Philippines: Bookmark.

Harvard

Campbell P. E., . (2008). Voyages in English 4. Philippines: Bookmark.

MLA

Campbell Paul E, . Voyages in English 4. Philippines: Bookmark. 2008.

  • Place hold
  • Print
  • Cite
  • Add to your cart (remove)
  • Save record
    BIBTEX Dublin Core MARCXML MARC (non-Unicode/MARC-8) MARC (Unicode/UTF-8) MARC (Unicode/UTF-8, Standard) MODS (XML) RIS
  • More searches
    Search for this title in:
    Other Libraries (WorldCat) Other Databases (Google Scholar) Online Stores (Bookfinder.com) Open Library (openlibrary.org)

Exporting to Dublin Core...

SOUTHVILLE LIBRARY

Southville International School and Colleges Library

1281 Tropical Ave. Cor. Luxembourg St., BF Homes International, Las Pinas City

Tel. No. 8256374 / 252358 Loc. 117/146

Powered by Koha